Návrh zlepšenia adaptačného procesu zamestnancov v priemyselnom podniku ŽOS Trnava, a.s.

Guardado en:
Detalles Bibliográficos
Autor principal: Grman, Patrik (Autor)
Otros Autores: Jurenková, Veronika (Orientador)
Formato: Manuscrito Libro
Lenguaje:eslovaco
Publicado: 2023
Materias:
Acceso en línea:http://is.stuba.sk/zp/portal_zp.pl?podrobnosti=167078
Etiquetas: Agregar Etiqueta
Sin Etiquetas, Sea el primero en etiquetar este registro!

MARC

LEADER 00000ntm a22000003a 4500
001 stuzp93413
003 SK-STU
005 20230909214948.3
007 ta
008 150427s2015----xo-----f-mn---000-0-slo-d
040 |a STU  |b slo 
041 0 |a slo 
100 1 |a Grman, Patrik  |u 064000  |4 aut  |U MTF Materiálovotechnologická fakulta  |T MTF Ústav priemyselného inžinierstva a manažmentu  |X 111583  |U M4000  |Y 84  |7 111583 
242 0 1 |a Proposal for improving the adaptation process of employees in the industrial enterprise ŽOS Trnava, a.s.  |y eng 
245 1 0 |a Návrh zlepšenia adaptačného procesu zamestnancov v priemyselnom podniku ŽOS Trnava, a.s. 
260 |c 2023 
650 4 |a zamestnanci  |2 slo 
650 4 |a adaptácia  |2 slo 
650 4 |a školiaci proces  |2 slo 
650 4 |a vzdelávanie  |2 slo 
650 4 |a adaptation  |2 eng 
650 4 |a schooling process  |2 eng 
650 4 |a employees  |2 eng 
650 4 |a education  |2 eng 
700 1 |a Jurenková, Veronika  |u 064000  |k Z3  |4 ths  |U MTF Materiálovotechnologická fakulta  |T MTF Ústav priemyselného inžinierstva a manažmentu  |U M4000  |Y 84 
856 4 |u http://is.stuba.sk/zp/portal_zp.pl?podrobnosti=167078 
996 |c M* BP-9563  |l MMSKP  |s P  |a 0  |w stuzp93413_0001